000 00692nam a2200289Ia 4500
005 20260324122241.0
008 008 260324s9999 xx 000 0 eng d
020 _a9780429142406
037 _aEBOOK
040 _aCRL
040 _beng
040 _cCRL
041 _2eng
041 _aeng
084 _qCRL
100 _aValentin Popa; Severian Dumitriu
_91165714
245 0 _aPolymeric Biomaterials
245 0 _bStructure and Function, Volume 1
260 _bTaylor and Francis
260 _c2013
365 _a
365 _b465
856 _uhttp://www.taylorfrancis.com/books/9780429142406
942 _cEBOOK
999 _c1758303
_d1758303